[Event "Belgrade-chT Quality"]
[White "Vujanovic, Bojan"]
[Black "Jovanovic, Dejan R"]
[Site "Belgrade"]
[Round "9"]
[Result "0-1"]
[Date "2015.11.03"]
[WhiteElo "2185"]
[BlackElo "2059"]
[PlyCount "70"]
[EventDate "2015.10.03"]
[EventType "team-tourn"]
[EventRounds "11"]
[EventCountry "SRB"]
[SourceTitle "EXT 2018"]
[Source "ChessBase"]
[SourceDate "2017.10.13"]
[SourceVersion "1"]
[SourceVersionDate "2017.10.13"]
[SourceQuality "1"]

1. e4 c6 2. d3 d5 3. Nc3 dxe4 4. dxe4 Qxd1+ 5. Nxd1 g6 6. Bd2 Bg7 7. Bc3 Bxc3+ 8. Nxc3 Nf6 9. h3 0-0 10. 0-0-0 b5 11. e5 Ne8 12. Bd3 Nc7 13. Nf3 b4 14. Ne2 a5 15. Bc4 Ba6 16. Bxa6 Rxa6 17. Nf4 e6 18. Rd6 Nd5 19. Nd3 Rc8 20. Nc5 Ra7 21. Nd2 Kf8 22. Nde4 Ke7 23. g3 Na6 24. Nxa6 Rxa6 25. Rd1 Ra7 26. c4 bxc3 27. bxc3 Rb7 28. Kc2 a4 29. Nc5 Rb5 30. Nxa4 Ra8 31. c4 Nb4+ 32. Kb3 Rbb8 33. Rd7+ Ke8 34. Nc5 Na6+ 35. Nb7 Nc5+ 0-1

[Event "Belgrade-chT Quality"]
[White "Milicevic, Aleksa"]
[Black "Vujanovic, Bojan"]
[Site "Belgrade"]
[Round "4"]
[Result "1/2-1/2"]
[Date "2015.10.11"]
[WhiteElo "2166"]
[BlackElo "2185"]
[PlyCount "59"]
[EventDate "2015.10.03"]
[EventType "team-tourn"]
[EventRounds "11"]
[EventCountry "SRB"]
[SourceTitle "EXT 2018"]
[Source "ChessBase"]
[SourceDate "2017.10.13"]
[SourceVersion "1"]
[SourceVersionDate "2017.10.13"]
[SourceQuality "1"]

1. d4 d6 2. c4 c6 3. Nc3 Nd7 4. Nf3 e5 5. e4 Ngf6 6. g3 Be7 7. Bg2 Qc7 8. 0-0 0-0 9. h3 Rd8 10. Be3 Nf8 11. Qe2 Ng6 12. Rfd1 Bd7 13. Rac1 b6 14. Qc2 Rac8 15. Rd2 Qb8 16. Rcd1 b5 17. dxe5 dxe5 18. cxb5 cxb5 19. Qb3 b4 20. Nd5 Nxd5 21. Rxd5 Be6 22. Rxd8+ Rxd8 23. Rxd8+ Qxd8 24. Qa4 a5 25. Qc2 Qd7 26. Kh2 a4 27. b3 axb3 28. axb3 f6 29. Nd2 Bf8 30. Bf1 1/2-1/2

[Event "Belgrade-chT"]
[White "Savkic, Igor"]
[Black "Vujanovic, Bojan"]
[Site "Belgrade"]
[Round "1"]
[Result "0-1"]
[Date "2014.10.04"]
[WhiteElo "2177"]
[BlackElo "2197"]
[PlyCount "56"]
[EventDate "2014.10.04"]
[EventType "team-tourn"]
[EventRounds "13"]
[EventCountry "SRB"]
[SourceTitle "EXT 2015"]
[Source "ChessBase"]
[SourceDate "2014.11.20"]
[SourceVersion "1"]
[SourceVersionDate "2014.11.20"]
[SourceQuality "1"]

1. e4 e6 2. d4 d5 3. exd5 exd5 4. c4 Nf6 5. Nc3 dxc4 6. Bxc4 Be7 7. Nge2 0-0 8. 0-0 Nbd7 9. Bg5 c5 10. Rc1 cxd4 11. Qxd4 Nb6 12. Bb3 Qxd4 13. Nxd4 h6 14. Bf4 a6 15. Rfe1 Bb4 16. Bc7 Nbd7 17. a3 Bc5 18. Nf5 Ng4 19. Ne4 Ba7 20. h3 Nge5 21. Ne7+ Kh8 22. Bxe5 Nxe5 23. Nd6 Nd3 24. Ndxc8 Bxf2+ 25. Kf1 Bxe1 26. Rc7 Bg3 27. Ke2 Bd6 28. Nxd6 Ne5 0-1

[Event "Belgrade City-chT"]
[White "Stojanovic, Sasa M"]
[Black "Vujanovic, Bojan"]
[Site "Belgrade"]
[Round "6"]
[Result "1/2-1/2"]
[Date "2013.11.10"]
[WhiteElo "2033"]
[BlackElo "2223"]
[PlyCount "20"]
[EventDate "2013.10.26"]
[EventType "team-tourn"]
[EventRounds "11"]
[EventCountry "SRB"]
[SourceTitle "EXT 2015"]
[Source "ChessBase"]
[SourceDate "2014.11.20"]
[SourceVersion "1"]
[SourceVersionDate "2014.11.20"]
[SourceQuality "1"]

1. e4 e5 2. Nf3 Nc6 3. Bb5 a6 4. Ba4 Nf6 5. 0-0 Be7 6. Re1 0-0 7. c3 b5 8. Bb3 d6 9. h3 h6 10. a4 Bb7 1/2-1/2

[Event "Belgrade-chT Quality"]
[White "Vujanovic, Bojan"]
[Black "Becelic, Dejan"]
[Site "Belgrade"]
[Round "10"]
[Result "1/2-1/2"]
[Date "2012.11.01"]
[WhiteElo "2220"]
[BlackElo "2089"]
[PlyCount "28"]
[EventDate "2012.10.13"]
[EventType "team-tourn"]
[EventRounds "11"]
[EventCountry "SRB"]
[SourceTitle "EXT 2019"]
[Source "ChessBase"]
[SourceDate "2018.10.10"]
[SourceVersion "1"]
[SourceVersionDate "2018.10.10"]
[SourceQuality "1"]

1. Nf3 d5 2. d4 Nf6 3. Bg5 e6 4. e3 c5 5. c3 Nc6 6. Bd3 h6 7. Bh4 Be7 8. Nbd2 0-0 9. 0-0 b6 10. Ne5 Nxe5 11. dxe5 Nd7 12. Bxe7 Qxe7 13. f4 f5 14. exf6 Nxf6 1/2-1/2

[Event "Belgrade-chT Quality"]
[White "Vujanovic, Bojan"]
[Black "Stamatovic, Aleksandar"]
[Site "Belgrade"]
[Round "4.5"]
[Result "1/2-1/2"]
[Date "2012.10.21"]
[WhiteElo "2220"]
[BlackElo "2181"]
[PlyCount "29"]
[EventDate "2012.10.13"]
[EventType "team-tourn"]
[EventRounds "11"]
[EventCountry "SRB"]
[SourceTitle "EXT 2019"]
[Source "ChessBase"]
[SourceDate "2018.10.10"]
[SourceVersion "1"]
[SourceVersionDate "2018.10.10"]
[SourceQuality "1"]

1. d4 Nf6 2. Nf3 g6 3. c4 Bg7 4. Nc3 d6 5. e4 0-0 6. Be2 Nbd7 7. Be3 e5 8. 0-0 exd4 9. Nxd4 Nc5 10. f3 a5 11. Ndb5 b6 12. Qd2 Re8 13. Rad1 Bb7 14. Rfe1 Qe7 15. Bf1 1/2-1/2